| 000 | 01964nam0a2200289 i 4500 | ||
|---|---|---|---|
| 001 | RU\NLR\BIBL_A\010923698 | ||
| 005 | 20260405210349.0 | ||
| 010 |
_a9785989461332 _9500 |
||
| 021 |
_aRU _b2015-91110 _95615 |
||
| 035 | _a(NLR Aleph) 010923698 | ||
| 090 |
_a10689235 _c10689235 |
||
| 100 | _a20151211d2015 u y0rusy50 ca | ||
| 101 | 0 | _arus | |
| 102 | _aRU | ||
| 105 | _aa|||j|||000yy | ||
| 200 | 1 |
_aУчебно-методическое пособие для врачей-интернов, обучающихся по программам высшего и дополнительного профессионального образования по специальности "Терапия" _e(methods handbook по модулю "Пульмонология") _fГос. бюджет. образоват. учреждение высш. проф. образования "Каз. гос. мед. ун-т" М-ва здравоохранения Рос. Федерации, Фак. повышения квалификации и проф. подгот. специалистов, Каф. внутр. болезней № 2 _g[сост.: д.м.н., проф. Хамитов Р. Ф., к.м.н. Пальмова Л. Ю.] |
|
| 210 |
_aКазань _cБриг _d2015 |
||
| 215 |
_a276 с. _cил. _d21 |
||
| 320 | _aБиблиогр. в прил.: с. 269-271 и в тексте | ||
| 606 | 1 |
_aПульмонология _jУчебно-методические пособия _92288229 _3RU\NLR\AUTH\661370552 |
|
| 686 | 1 | _aР412я77 | |
| 702 | 1 |
_4220 _8rus _7ca _aХамитов _bР. Ф. _f1964- _gРустем Фидагиевич _3RU\NLR\AUTH\7793537 _976463 |
|
| 712 | 0 | 2 |
_4570 _aКазанский государственный медицинский университет _bКафедра внутренних болезней _c2 _9493132 _3RU\NLR\AUTH\880413942 |
| 942 | _cBOOK | ||
| 980 | _aNBR | ||